000 01170nam a2200277 c 4500
003 BLK
005 20180422110329.0
008 180409b bul|||||r ||||||| ||bul||
010 _aKNG00121183000
040 _aBLK
041 _aBUL
_cBUL
080 _aКласическа гръцка литература. Старогръцка литература
_b821.142
_x-21
_z821.142-21
100 1 _aЕсхил
_eпърви автор
_967659
700 1 _aНичев, Александър
_eпрев.
_9368760
139 _aЕсхил
_bЕ 93
245 1 0 _aТрагедии
_bМолителките ; Персите ; Седемте срещу Тива ; Прикованият Прометей ; Агамемнон ; Хоефорите ; Евменидите
_cЕсхил; прев. Александър Ничев.
257 _aBGR
260 София
_bНар. култура
_c1967
300 _a448 с.
_bс ил.
_c37 см
380 _aX
852 _aЦб ІІ 3186
856 4 _qpdf
_u
856 4 _qpdf
_u
942 _cKNG
_n0
944 _aCR
_c04.02.2011
_lдобави в АБ / 03.02.2011
_kГеновева_Генчева
944 _aED
_c04.02.2011
_lдобави в АБ / 03.02.2011
_k
999 _c115695
_d115695